First 100 Words of The Bible - Statistics

General Stats
  • This quiz has been taken 227 times
  • The average score is 73 of 100
Answer Stats
Answer % Correct
the
100%
a
98%
be
97%
In
95%
God
94%
and
92%
And
92%
beginning,
92%
he
90%
light",
90%
light.
90%
light
90%
there
90%
was
90%
earth.
88%
earth
88%
created
86%
"Let
84%
said,
77%
heavens
73%
good,
70%
darkness
66%
darkness.
66%
"day"
66%
day.
66%
water
63%
water."
63%
"night".
62%
that
58%
saw
57%
called
53%
first
52%
of
43%
from
36%
over
31%
So
31%
empty,
29%
evening
28%
morning -
28%
to
28%
formless
25%
Now
23%
waters.
23%
waters
23%
Spirit
19%
seperate
17%
surface
16%
deep,
15%
hovering
14%
seperated
14%
between
11%
vault
6%
No matching quizzes found
Score Distribution
Percent of People with Each Score
Percentile by Number Answered
Your Score History
You have not taken this quiz